Minimalizačné obrábanie pôdy

Podrobná bibliografia
Hlavný autor: Kováč, Karol, 1939- (Autor)
Médium: Článok
Jazyk:slovenčina
Fyzický popis:Fotogr., obr., tab.
ISSN:1335-2466
Predmet:

MARC

LEADER 00000nab a2200000 a 4500
001 vtls008944192
003 SK-MaSNL
005 20260304144912.0
008 250505c2006 xo |||||||||||000 b|slo
015 |a SNBRB2007/02  |2 snkbucl 
035 |a (uuid)02e80cfd-7f0b-428b-b764-16a073c16cab 
035 |a urn:nbn:sk:snk-abzc1 
035 |a (urnnbn)urn:nbn:sk:snk:ar-a04fwc 
038 |a SNKBUCL 
040 |a SNKBUCL  |b slo  |c SNKBUCL  |e AACR2 
041 0 |a slo 
044 |a xo  |c SK 
080 |a 631.5  |2 1997 
100 1 |a Kováč, Karol,  |d 1939-  |4 aut  |9 106924 
245 1 0 |a Minimalizačné obrábanie pôdy  |c Karol Kováč 
300 |b Fotogr., obr., tab. 
650 0 7 |a obrábanie pôdy  |2 snkbucl  |9 52002 
650 0 7 |a minimálne obrábanie pôdy  |2 snkbucl  |9 83987 
650 0 7 |a pestovateľské technológie  |2 snkbucl  |9 547663 
773 0 |t Naše pole  |g Roč. X, č. 11 (2006), s. 33-35  |x 1335-2466 
850 |a Slovenská národná knižnica 
852 |a Slovenská národná knižnica 
954 |a odborná, vedecká literatúra pôvodná (slovenská)  |2 lita 
958 |a article27 
958 |a OND 
958 |a EUIPO 
999 |c 2933846  |d 2935776